[Event "IECC 2014-1.09"]
[Site "IECC email"]
[Date "2014.01.05"]
[Round "?"]
[White "Ciklabakkal, Metin"]
[Black "Hargreaves, Richard"]
[Result "0-1"]
[WhiteElo "1508"]
[BlackElo "1654"]
[PlyCount "69"]
[EventDate "2014.??.??"]
[EventType "tourn (corr)"]
[SourceTitle "Corr 2020"]
[Source "ChessBase"]
[SourceDate "2019.09.30"]
[SourceVersion "1"]
[SourceVersionDate "2019.09.30"]
[SourceQuality "1"]
[WhiteTeam "Turkey"]
[BlackTeam "England"]
[WhiteTeamCountry "TUR"]
[BlackTeamCountry "ENG"]

1. e4 e5 2. Nf3 Nf6 3. Bc4 Nxe4 4. 0-0 d5 5. Bb3 Nc6 6. Re1 Bc5 7. Rf1 0-0 8. d3 Nf6 9. Bg5 Bg4 10. Nc3 Nd4 11. Bxd5 c6 12. Be4 Be7 13. Bxf6 Bxf6 14. h3 Be6 15. Re1 Qd6 16. Qd2 h6 17. Ne2 Rfe8 18. Nexd4 exd4 19. c3 dxc3 20. bxc3 Re7 21. d4 Rae8 22. Qc2 Qf4 23. g3 Qd6 24. Kh2 Qd7 25. Ng1 Bd5 26. Bh7+ Kh8 27. Bf5 Qd6 28. Rxe7 Rxe7 29. c4 Be6 30. Nf3 c5 31. Bxe6 Rxe6 32. Rb1 cxd4 33. Rxb7 d3 34. Qd1 Re2 35. Kg2 0-1